Fundamentals Of Electrical Engineering (Record no. 164684)

MARC details
000 -LEADER
fixed length control field 00425nam a2200169Ia 4500
008 - FIXED-LENGTH DATA ELEMENTS--GENERAL INFORMATION
fixed length control field 230612s9999 xx 000 0 und d
041 ## - LANGUAGE CODE
Language code of text/sound track or separate title eng
082 ## - DEWEY DECIMAL CLASSIFICATION NUMBER
Classification number 621.37 BHI
100 ## - MAIN ENTRY--PERSONAL NAME
Personal name Bhide S.D.
245 ## - TITLE STATEMENT
Title Fundamentals Of Electrical Engineering
250 ## - EDITION STATEMENT
Edition statement 3rd ed.
260 ## - PUBLICATION, DISTRIBUTION, ETC. (IMPRINT)
Date of publication, distribution, etc. 1991
Name of publisher, distributor, etc. Everest Publishing House
300 ## - PHYSICAL DESCRIPTION
Extent 374
365 ## - TRADE PRICE
Currency code Rs.
Price amount 70.00
700 ## - ADDED ENTRY--PERSONAL NAME
Personal name Bhide S.D. & Navale M.N.
906 ## - LOCAL DATA ELEMENT F, LDF (RLIN)
c ELECT
b 3.5
Holdings
Withdrawn status Lost status Damaged status Not for loan Home library Current library Date acquired Vendor Budget Code Cost, normal purchase price Full call number Barcode Date last seen Discount Cost, replacement price Bill Date Koha item type Original Barcode
Withdrawn       Cummins College of Engineering for Women Pune Cummins College of Engineering for Women Pune 22/12/1991 Masurkar Enterprises ELECT 66.50 621.37 BHI CCEP-BK-401 12/06/2023 3.5 70.00 12/06/2023 Books 000401